Monthly statistics of international trade December / décembre 2001

Guardado en:
Detalles Bibliográficos
Formato: Libro
Lenguaje:inglés
francés
Publicado: Paris OECD 2001
Colección:Statistics
Materias:
Etiquetas: Agregar Etiqueta
Sin Etiquetas, Sea el primero en etiquetar este registro!

MARC

LEADER 00000nam a2200000 4500
001 c131819
005 20240422122211.6
020 |a 92-64-09083-5 
022 |a 0256-1743 
041 0 |a eng 
041 0 |a fre 
044 |a FR 
245 1 0 |a Monthly statistics of international trade  |b December / décembre 2001 
264 1 |a Paris  |b OECD  |c 2001 
300 |a 141 s. 
490 1 |a Statistics 
830 0 |a Statistics 
610 2 0 |a obchod medzinárodný 
610 2 0 |a porovnanie štatistické medzinárodné